| 000 | 00982cam a22003137a 4500 | ||
|---|---|---|---|
| 003 | CHAP | ||
| 005 | 20220329141714.0 | ||
| 008 | 971013s1969 r 00010 d | ||
| 010 | _a72560 | ||
| 011 | _a73532 | ||
| 035 | _a83090 | ||
| 040 | _cCHAP | ||
| 090 | _aTesis | ||
| 100 | 0 | 0 |
_aBarahona Matamoros, Igor H. _910030 |
| 245 | 1 | 3 | _aLa tierra como material de construcción para viviendas |
| 260 |
_aMéxico, D. F. : _bEl Autor, _c1969 |
||
| 300 |
_a58 h. _b: ilus. |
||
| 502 | _aTesis (Ing. Civil) -- UNAM. Fac. de Ingeniería | ||
| 590 |
_aALEPH _b10 _c20130110 _lUCH01 _h1413 |
||
| 590 |
_aBATCH-UPD _b10 _c20130110 _lUCH01 _h0321 |
||
| 590 |
_aBATCH-UPD _b10 _c20130110 _lUCH01 _h1459 |
||
| 590 |
_aBATCH-UPD _b10 _c20130409 _lUCH01 _h2354 |
||
| 590 |
_aBATCH-UPD _b10 _c20130914 _lUCH01 _h0535 |
||
| 590 |
_aCONVERSION _b10 _c20130109 _lUCH01 _h1340 |
||
| 650 | 1 | 4 |
_aConstrucción de tierra. _927395 |
| 901 | _aBK | ||
| 942 | _cTESIS | ||
| 949 |
_bBC _cTES _d-37446 _eTS1 _i83090 _si |
||
| 999 |
_c72560 _d72560 |
||